1903 1545 1351 1093 1713 1740 1186 1074 1378 1405 1324 1676 1415 1149 1247 1120 1342 1791 1795 1527 1421 1587 1492 1384 1874 1887 1958 1362 1376 1856 1853 1774 1642 1889 1448 1944 1683 1475 1192 1044 1648 1263 1493 1978 1136 1492 1810 1184 1830 1888 1488 1145 1361 1345 1480 1620 1320 1733 1508 1682 1544 1633 1439 1805 1890 1546 1523 1548 1312 1438 1282 1921 1941 1416 1364 1092 1271 1262 1542 1980 1759 1809 1217 1165 1250 1322 1662 1135 1897 1049 1649 1169 1867 1630 1498 1840 1134 1538 1005 BCNSPRNW ULIB Ver.6.0+V

เปลี่ยนเป็นภาษาไทย

Change to English
 แสดงรายละเอียดบรรณานุกรม
  กลับหน้าหลัก

Brief Record : Get Marc (ISO 2709) : E-mail record : QR code < ปิดหน้าต่าง
LEADER : 00000nam 2200000uu 4500
001    13399125549
003     ULIB
008    170623s2560||||th 000 0 tha d
020    ^a9786164292680
060  0 ^aWK810 ร924
100 0  ^aวิโรจน์ เจียมจรัสรังษี
245 00 ^aโรคเบาหวานชนิดที่ 2 : ระบาดวิทยาการป้องกันและการสนับสนุนการจัดการตนเอง = Type 2 diabetes : epidemiology, prevention, and self-management support / บรรณาธิการ, วิโรจน์ เจียมจรัสรังษี
250    ^aพิมพ์ครั้งที่ 1
260    ^aกรุงเทพฯ:^bบริษัท เท็กซ์ แอนด์ เจอร์นัล พับลิเคชั่น จำกัด,^c2560
300    ^aก-ฏ, 407 หน้า : ภาพประกอบ ; 26 ซม.
650  0 ^aเบาหวาน
650  0 ^aเบาหวาน -- การป้องกันและควบคุม
650  0 ^aการดูแลตนเอง
700 0  ^aจุฬาลงกรณ์มหาวิทยาลัย. คณะแพทยศาสตร์. ภาควิชาเวชศาสตร์ป้องกันและสังคม
710 1  ^aกรุงเทพฯ : เท็กซ์ แอนด์ เจอร์นัล พับลิเคชั่น, 2560
945    ^p0^l0^i002413
945    ^p0^l0^i002414
999    ^aวรรณษา ชูชัยมงคล
รายการนี้ยังไม่มีแท็ก
คุณยังไม่ได้ล็อกอิน คุณสามารถมีกิจกรรมร่วมกับเว็บไซต์ได้ แต่ต้องล็อกอินก่อน ::
  ล็อกอิน

รายการสื่อสารสนเทศ

ลำดับที่ ประเภท เลขเรียก/บาร์โค้ด สถานที่ สถานะ
1. วิทยาศาสตร์การแพทย์ และสุขภาพ
วิทยาศาสตร์การแพทย์ และสุขภาพ
WK810 ร924 ฉ.1 
  Barcode: 002413
ห้องสมุดวิทยาเขตสวรรค์ประชารักษ์
►หนังสือทั่วไป
บนชั้น
2. วิทยาศาสตร์การแพทย์ และสุขภาพ
วิทยาศาสตร์การแพทย์ และสุขภาพ
WK810 ร924 ฉ.2 
  Barcode: 002414
ห้องสมุดวิทยาเขตสวรรค์ประชารักษ์
►หนังสือทั่วไป
ถูกยืม กำหนดส่งวันที่ 23 เมษายน 2569
  จอง

รายการใกล้เคียง
    หัวเรื่อง [เบาหวาน]
    หัวเรื่อง [การดูแลตนเอง]

BibComment


ยังไม่เคยถูกคอมเมนท์

คอมเมนท์ทรัพยากรรายการนี้
  คอมเมนท์: โรคเบาหวานชนิดที..


 Copyright 2026. Bcnsprnw @Library